| 000 | 00791nam a2200217Ia 4500 | ||
|---|---|---|---|
| 003 | GCL | ||
| 008 | 140319s9999 xx 000 0 ara d | ||
| 020 | _a4206232977 | ||
| 040 |
_aGCL / _cGCL |
||
| 082 | 0 | 4 |
_a816.008 _bر ح |
| 100 | 1 | _aرابح لطفى جمعة | |
| 245 | 1 | 0 |
_aحوار المفكرين : _bرسائل اعلام العصر الى محمد لطفى جمعة خلال نصف قرن (1904-1953م) / _cرابح لطفى جمعة |
| 250 | _aالاولى | ||
| 260 |
_aالقاهرة : _bعالم الكتب الحديث ، _c2000 |
||
| 300 |
_a799 ص ؛ _c24 سم |
||
| 650 | 0 | 4 | _aالادب |
| 650 | 0 | 4 | _aمحمد لطفى جمعة |
| 650 | 0 | 4 | _aالرسائل العربية - مجموعات |
| 650 | 0 | 4 | _aالادباء العرب - مراسلات |
| 942 |
_2ddc _cBK |
||
| 999 |
_c7183 _d7183 |
||